000 00886nam a2200289 4500
001 19755
003 BD-RjUL
005 20211209000455.0
008 140225r19761973ii a 001 0 eng
035 _a(BD-RjUL)19816
040 _aDLC
_cDLC
_dBD-RjUL
_beng
041 _aeng
082 0 0 _a684.08
_bANA 1976
100 1 _aAnderson, Edwin P.,
_d1895-
_960695
245 1 0 _aAudels workshop & tool handy book /
_cby Edwin P. Anderson.
250 _anew rev. ed.
260 _aBombay :
_bD. B. T. Sons,
_cc1973 [Reprinted 1976].
300 _a454 p. :
_billus. ;
_c22 cm.
500 _aFirst ed. published in 1964 under title; Audels home workshop & tool handy book.
504 _aIncludes index.
650 0 _aWorkshops.
_960696
650 0 _aPower tools.
_944653
740 _aHome workshop & tool book.
942 _2ddc
_cBK
999 _c19755
_d19755